Facundo /

Guardado en:
Autor Principal: Sarmiento, Domingo Faustino
Formato: Libro
Publicado: Buenos Aires : Centro Editor de América Latina, 1967
Series:Capítulo; No. 14
Materias:
Etiquetas: Agregar Etiqueta
Sin Etiquetas, Sea el primero en etiquetar este registro!
LEADER 00623nam a22002055a 4500
001 CEM.cems005833
005 20101123091148.0
008 130507s1967##################000#0#####d
003 CEMS
082 0 4 |a A868.2 
100 1 |a Sarmiento, Domingo Faustino 
245 1 0 |a Facundo /  |c Domingo Faustino Sarmiento 
260 |a Buenos Aires :  |b Centro Editor de América Latina,  |c 1967 
300 |a 262 p. 
490 0 |a Capítulo; No. 14 
653 |a Literatura 
653 |a Literatura argentina 
653 |a Cuento argentino 1827-1888 
653 |a Historia argentina 
859 |a CEMS  |b BIB. CEMS - 11 de abril  |h A868.2  |i Sa74-10  |p 13879.86  |t Ej.1